000
00361nam a2200157Ia 4500
008
151213s9999 xx 000 0 und d
100
_a
A.V.Saevs
245
_a
Gulliver's Travels Notes
_c
A.V.Saevs
250
_a
1st
260
_a
U.S.A
_b
Lincoin
_c
1969
300
_a
2472 p.
650
_a
English
650
_a
English
700
_a
A.V.Saevs
999
_c
1703
_d
1703